History Quiz

Random History or Decade Quiz

Back in 1789 Quiz Stats

 Plays Quiz not verified by Sporcle

Score 0/15 Timer 06:00
0 Plays Today
Clue Answer % Correct
This US Army commander-in-chief becomes the first President of the USGeorge Washington
99%
This politician and future president becomes the vice president of the USJohn Adams
93%
This important document is declared to be in effect by the US CongressConstitution of the United States
91.3%
The French Revolution begins with the fall of this prisonBastille Prison
89.5%
This future US President proposes a Bill of RightsJames Madison
75.2%
The Mackenzie River in this country is explored by Alex MackenzieCanada
71.7%
This polymath writes that 'In the world nothing can be said to be certain except death and taxes'Benjamin Franklin
61.5%
This US national holiday is establishedThanksgiving
59.1%
Clue Answer % Correct
This state is the 12th to join the United StatesNorth Carolina
55.2%
This is the first US state to ratify the Bill of RightsNew Jersey
52.8%
This captain of the HMS Bounty is mutinied against by Fletcher ChristianWilliam Bligh
50.7%
This oath to make a new constitution is created in FranceTennis Court Oath
30.4%
This element is discovered by Martin Klaproth while studying the mineral pitchblendeUranium
23.8%
This moon of Saturn is discovered by William HerschelEnceladus
13.3%
The captain and crew of the HMS Bounty land on this island after travelling 3,618 nautical miles in an open boatTimor
9.4%

You're not logged in!

Compare scores with friends on all Sporcle quizzes.
OR
Log In

Show Comments

Extras

Top Quizzes Today


Score Distribution

Your Account Isn't Verified!

In order to create a playlist on Sporcle, you need to verify the email address you used during registration. Go to your Sporcle Settings to finish the process.

Report this User

Report this user for behavior that violates our Community Guidelines.

Details: